Тялото (Запис номер 364508)
[ съкратено ]
| 000 -Лидер | |
|---|---|
| Контролно поле с фиксирана дължина | 01371nam a2200301 a 4500 |
| 003 - Код на организацията, давaща контролен номер | |
| Контролно поле | BLK |
| 005 - Дата и час на последна редакция | |
| Контролно поле | 20241015102841.0 |
| 008 - Елементи от данни с фиксирана дължина | |
| fixed length control field | 181107b bu a|||er|||| 00| 0 bu d |
| 020 ## - Международен стандартен номер на книга ISBN | |
| Международен стандартен номер на книга ISBN | 978-954-28-3125-9 |
| 040 ## - Източник на каталожния запис | |
| Идентификатор на билиотеката - собственик на записа | BLK |
| 041 ## - Код за език | |
| Код за езика на текст/звукозапис или на отделно заглавие | Български |
| Код за езика КДБФ | Български |
| 080 ## - УДК | |
| Текстов определител УДК | Топографска анатомия. Общо описание на тялото. Области на тялото - Области на главата, лицето, шията, гръдния кош, корема, гърба, таза, крайниците |
| УДК код - определител по УДК | 611.9 |
| УДК - код + определител | 611.9 |
| 100 ## - Редна дума - Автор | |
| R(LIN) | 256239 |
| Автор | Брайсън, Бил |
| Авторска отговорност | първи автор |
| 139 ## - Редно поле | |
| Редна дума | Брайсън, Бил |
| Авторски знак | Бр - Б 75 |
| 245 ## - Сведения за заглавието | |
| Заглавие | Тялото |
| Подзаглавни данни | наръчник за употреба |
| Редно поле (дума) | Бил Брайсън; прев. Анна Карабинска-Ганева |
| 260 ## - Област на издателските данни | |
| 9 (RLIN) | 217021 |
| Място на издаване, разпространение и проч. | София |
| Име на издателя, разпространителя и проч. | Сиела Норма |
| Година на издаване | 2020 |
| Печатница | Абагар АД |
| 300 ## - Физическа характеристика | |
| Страници | 416 с. |
| Размери/Мащаб | 22 см |
| 380 ## - Жанр | |
| Жанр | Общ отдел |
| 500 ## - Общи забележки | |
| Забележка | Ориг. загл.: The Body / Bill Bryson |
| 650 #0 - Допълнително описание по предмет – тема | |
| 9 (RLIN) | 251064 |
| Основно описание – тема или топоним | Човешко тяло |
| 653 #7 - Ключова дума – ненормативна | |
| 9 (RLIN) | 182016 |
| Ключова дума | биология |
| 653 #7 - Ключова дума – ненормативна | |
| 9 (RLIN) | 183913 |
| Ключова дума | генетика |
| 653 #7 - Ключова дума – ненормативна | |
| 9 (RLIN) | 191848 |
| Ключова дума | научно-популярни книги |
| 700 ## - Други автори (авторска отговорност) | |
| 9 (RLIN) | 966 |
| Лично име | Карабинска-Ганева, Анна |
| Автороска отговорност (Описва отношението между автора и произведението) | прев. |
| 852 ## - Местоположение | |
| Фондова буква | Хранилище |
| 999 ## - СИСТЕМНИ КОНТРОЛНИ НОМЕРА | |
| Koha biblionumber | 364508 |
| Koha biblioitemnumber | 364508 |
| 942 ## - АРТИКУЛИ | |
| Вид на библиотечния материал | Книги |
| Скрит в OPAC | Не |
| Koha issues (borrowed), all copies | 17 |
| Периодичен библиозапис | Да |
| 944 ## - СЪЗДАВАНЕ И РЕДАКЦИЯ на ЗАПИСА | |
| Създаване/Редакция | Създаване |
| Дата на регистрацията/редакция | 2020-05-27 |
| Служител, извършил регистрацията/редакцията | 30530 |
| Статус, дата на статуса | Минев Младен |
| Код за отписване | Код за изгубен артикул | Източник на класификационната схема | Код за повреда | Код за отдаване | Артикулен № | Име на библиотеката - собственик | Име на библиотеката, в която се намира в момента | Статус (Текущо местоположение) | Дата на вписване в системата | Местоположение - отдел | Цена в лева | Инвентарен номер | Систематично азбучна сигнатура | Баркод | Цена в евро | Служебен тип на артикула |
|---|---|---|---|---|---|---|---|---|---|---|---|---|---|---|---|---|
| Не е изгубен | Universal Decimal Classification | Не е повреден | заемане за дома | 772488 | Регионална библиотека "Любен Каравелов" Русе | Регионална библиотека "Любен Каравелов" Русе | Заемна - подръчен фонд | 2020-05-28 | Заемна - подръчен фонд | 13.50 | 120000843552 | 611/Б 75 Б | 120000843552 | 6.90 | Книги |